000 00242nam a22001097a 4500
040 _cSK
082 _a338
100 _aនុត សាឡន
245 _aស្ថិតិវិទ្យា
260 _aRUA
_bនុត
_c2010
942 _cKB
999 _c10349
_d10349